000
00300nam a22001337a 4500
020
_a
07451-5201-5
082
_a
823
_b
MUL/N
100
_a
MULHERIN, JENNIFER
245
_a
MUNCH ADO ABOUT NOTHING
260
_a
BATH, AVON
_b
A S PUBLISHING
300
_a
31
650
_a
ENGLISH STORY
_z
USA
942
_c
BK
999
_c
2658
_d
2658